ISRN public health

Detalles Bibliográficos
Nuevo Título:International scholarly research notices
Autor Corporativo: International Scholarly Research Network
Formato: Electrónico Revista
Lenguaje:inglés
Publicado: New York, NY : Hindawi Publishing Corporation
Materias:
Acceso en línea:Full text available from Research Library: 01/01/2012 to 01/31/2014

MARC

LEADER 00000nas a2200000 i 4500
001 ssj0000826110
003 WaSeSS
005 20200512172242.0
006 m d
007 cr n
008 111206d20122014nyuar p s 0 0eng c
010 |a  2013238563 
016 7 |a 2650646-4  |2 DE-600 
016 7 |a 101600852  |2 DNLM 
016 7 |a 019306007  |2 Uk 
022 |a 2090-8008  |l 2090-8008 
035 |a (WaSeSS)ssj0000826110 
040 |a FQM  |b eng  |e pn  |c FQM  |d HEBIS  |d IUL  |d NLM  |d OCLCF  |d CUS  |d NLM  |d OCLCO  |d OCLCQ  |d OCLCO  |d WT2  |d OCLCO  |d OCLCA  |d OCLCQ  |d OCLCA  |d VT2  |d UKMGB  |d WaSeSS 
042 |a pcc 
050 4 |a RA421  |b .I87 
060 1 0 |a W1 
210 1 0 |a ISRN Public Health  |2 dnlm 
222 0 |a ISRN Public Health  |b (Online) 
245 0 0 |a ISRN public health  |h [electronic resource]. 
246 1 3 |a International Scholarly Research Network public health 
246 3 0 |a Public health 
260 |a New York, NY :  |b Hindawi Publishing Corporation 
362 1 |a Began with Volume 2012; ceased in 2014. 
506 |a License restrictions may limit access. 
515 |a Articles added over time to current annual volume. 
588 |a Description based on: Volume 2012; title from journal home page (publisher's Web site, viewed December 5, 2011). 
588 |a Latest issue consulted: Volume 2013, article ID 137472 (viewed Jan. 8, 2014). 
650 0 |a Public health  |v Periodicals. 
650 1 2 |a Public Health. 
650 7 |a Public health.  |2 fast  |0 (OCoLC)fst01082238 
655 0 |a Electronic journals. 
710 2 |a International Scholarly Research Network. 
785 0 0 |t International scholarly research notices  |x 2356-7872  |w (DLC) 2014222076  |w (OCoLC)888051655 
856 4 0 |z Full text available from Research Library: 01/01/2012 to 01/31/2014  |u https://search.proquest.com/publication/1226378